| 000 | 00568nam a2200205 a 4500 | ||
|---|---|---|---|
| 001 | 13393 | ||
| 003 | CO-ViMGA | ||
| 008 | 141112s2004 ck r 000 u spa d | ||
| 020 | _a9580449023 | ||
| 040 |
_aCO-ViMGA _bspa _cCO-ViMGA |
||
| 082 | 0 | 4 | _aORLp |
| 100 | 1 |
_aOrlev, Uri; Gleich, Jacky _919566 |
|
| 245 | 1 | 0 | _aLa pequeña niña grande |
| 260 |
_aBogotá : _bNorma, _c2000 |
||
| 300 | _a26 : ils | ||
| 490 | _aBuenas noches | ||
| 590 | _aForma de adquisición : BM : Reposición - - Precio : BM : 10000 | ||
| 650 | 1 | 4 |
_aCUENTOS INFANTILES _92743 |
| 942 |
_2ddc _cBK |
||
| 999 |
_c24131 _d24131 |
||